[Event "WJun"]
[Site "Puerto Madryn ARG"]
[Date "2009.10.25"]
[Round "5"]
[White "Lehtimaki,T"]
[Black "Goncalves,M"]
[Result "0-1"]
[WhiteElo "2000"]
[BlackElo "1865"]
[EventDate "2009.10.22"]

1. e4 e5 2. Nf3 d6 3. d4 Nf6 4. Nc3 Nbd7 5. Bc4 Be7 6. Ng5 O-O 7. Bxf7+
Rxf7 8. Ne6 Qe8 9. Nxc7 Qd8 10. Nxa8 b6 11. dxe5 dxe5 12. Nd5 Nxe4 13. Be3
Bc5 14. O-O Ba6 15. Bxc5 Bxf1 16. Qxf1 Ndxc5 17. Nac7 Rxf2 18. Qc4 Rxg2+
0-1

[Event "WJun"]
[Site "Puerto Madryn ARG"]
[Date "2009.10.25"]
[Round "5"]
[White "Iturrizaga,E"]
[Black "Margvelashvili,G"]
[Result "1-0"]
[WhiteElo "2605"]
[BlackElo "2509"]
[EventDate "2009.10.22"]

1. Nf3 Nf6 2. c4 e6 3. g3 d5 4. b3 Be7 5. Bb2 O-O 6. Bg2 b6 7. O-O Bb7 8.
d4 dxc4 9. bxc4 c5 10. d5 exd5 11. Nh4 Qd7 12. cxd5 Nxd5 13. e4 Bxh4 14.
exd5 Bd8 15. Na3 b5 16. Rb1 a6 17. Re1 Qd6 18. Be5 Qg6 19. Nc4 Bf6 20. Bd6
Bc3 21. Bxf8 Bxe1 22. Be7 Bc3 23. Nd6 Ra7 24. Be4 Qh6 25. Qf3 Bxd5 26. Bxd5
Rxe7 27. Nf5 1-0

[Event "WJun"]
[Site "Puerto Madryn ARG"]
[Date "2009.10.25"]
[Round "5"]
[White "Lalith,B"]
[Black "Li Chao2"]
[Result "0-1"]
[WhiteElo "2477"]
[BlackElo "2617"]
[EventDate "2009.10.22"]

1. Nf3 Nf6 2. c4 g6 3. Nc3 d5 4. Qa4+ Bd7 5. Qb3 dxc4 6. Qxc4 a6 7. d4 b5
8. Qb3 c5 9. dxc5 Bg7 10. e4 Bc6 11. e5 Nfd7 12. Be3 Nxe5 13. Nxe5 Bxe5 14.
f4 Bg7 15. Kf2 O-O 16. Rd1 Nd7 17. Be2 e5 18. Rd6 exf4 19. Bxf4 Qc7 20. Rc1
Rae8 21. Nd5 Bxd5 22. Qxd5 Nf6 23. Qc6 Ne4+ 24. Kg1 Qa5 25. Rd7 Nxc5 26.
Qxc5 Rxe2 27. Rf1 Qxa2 28. Bd6 Rxb2 29. Qc6 0-1

[Event "WJun"]
[Site "Puerto Madryn ARG"]
[Date "2009.10.26"]
[Round "6"]
[White "Popov,Iv RUS"]
[Black "Grigoryan,Av"]
[Result "1/2-1/2"]
[WhiteElo "2582"]
[BlackElo "2515"]
[EventDate "2009.10.22"]

1. d4 Nf6 2. c4 g6 3. Nc3 Bg7 4. e4 d6 5. f4 O-O 6. Nf3 c5 7. d5 e6 8. Be2
exd5 9. cxd5 Bg4 10. O-O Nbd7 11. h3 Bxf3 12. Bxf3 Re8 13. g4 Nb6 14. a4
Nc4 15. Qc2 Qb6 16. g5 Nd7 17. Bg4 Nf8 18. e5 dxe5 19. f5 gxf5 20. Bxf5 Nd6
21. Ne4 c4+ 22. Kh2 Nxf5 23. Rxf5 Ng6 24. Bd2 Qd4 25. d6 Nf4 26. Rg1 Kh8
27. Rxf7 Nd3 28. Rg4 Rf8 29. g6 Rxf7 30. gxf7 Nf2 31. Nxf2 Qxf2+ 32. Rg2
Qxf7 33. Qe4 Rd8 34. Bc3 Rxd6 35. Bxe5 Rg6 36. Bxg7+ Rxg7 37. Qd4 h6 38. h4
b6 39. Rxg7 Qxg7 40. Qxc4 Qxb2+ 41. Kh3 Qf6 42. Qc8+ Kg7 43. Qd7+ Qf7 44.
Qg4+ Kh7 45. Qe4+ Kg8 46. Qg4+ Kf8 47. Qc8+ Qe8 48. Qf5+ Kg7 49. Qg4+ Kh8
50. Qd4+ Kg8 51. Qg4+ Kh7 52. Qf5+ Kg7 53. Qg4+ Qg6 54. Qd7+ Qf7 55. Qg4+
Kf8 56. Qc8+ Ke7 57. Qc7+ Kf8 1/2-1/2

[Event "WJun"]
[Site "Puerto Madryn ARG"]
[Date "2009.10.26"]
[Round "6"]
[White "Swiercz,D"]
[Black "Lenderman,A"]
[Result "1/2-1/2"]
[WhiteElo "2492"]
[BlackElo "2542"]
[EventDate "2009.10.22"]

1. e4 c6 2. d4 d5 3. Nc3 dxe4 4. Nxe4 Nd7 5. Ng5 Ngf6 6. Bd3 e6 7. N1f3 Bd6
8. Qe2 h6 9. Ne4 Nxe4 10. Qxe4 Nf6 11. Qe2 Qc7 12. Bd2 b6 13. O-O-O Bb7 14.
Rhe1 O-O-O 15. Ba6 Bf4 16. Bxf4 Qxf4+ 17. Kb1 Nd7 18. Bxb7+ Kxb7 19. Rd3
Rhe8 20. a4 Qf5 21. Ra3 a5 22. Rb3 g5 23. h3 f6 24. Re3 Nf8 25. Rd1 Qd5 26.
Re1 h5 27. Re4 Qd7 28. Qc4 Qd5 29. Qe2 Qd7 30. c3 Re7 31. Nd2 h4 32. Nb3
Qd6 33. Re3 Ka7 34. Nd2 Qd5 35. Ne4 Nh7 36. Qf3 Qf5 37. Qxf5 exf5 38. Nd2
Red7 39. Re7 Kb7 40. Nc4 Kc7 41. Kc2 Nf8 42. Rxd7+ Rxd7 43. Ne3 f4 44. Ng4
Rf7 45. f3 Kd7 46. Kd3 Ne6 47. Nh6 Re7 48. Re4 Nc7 49. Ng4 Re6 50. Nf2 f5
51. Rxe6 Kxe6 52. c4 c5 53. Kc3 Kd6 54. d5 Ne8 55. Nd3 Nf6 56. Kd2 Nd7
1/2-1/2

[Event "WJun"]
[Site "Puerto Madryn ARG"]
[Date "2009.10.26"]
[Round "6"]
[White "Diamant,A"]
[Black "Ondrus,M"]
[Result "1-0"]
[WhiteElo "2526"]
[BlackElo "2304"]
[EventDate "2009.10.22"]

1. e4 c5 2. Nf3 d6 3. d4 cxd4 4. Nxd4 Nf6 5. Nc3 a6 6. Be2 e5 7. Nb3 Be7 8.
O-O O-O 9. Kh1 Be6 10. f4 Qc7 11. f5 Bc4 12. g4 d5 13. g5 Nxe4 14. Nxe4
dxe4 15. f6 Bd8 16. fxg7 Kxg7 17. Be3 Bxe2 18. Qxe2 Nc6 19. c3 Ne7 20. Rad1
Ng6 21. Nc5 Qc6 22. Nd7 Re8 23. Qh5 Nf4 24. Qh6+ Qxh6 25. gxh6+ Kg6 26.
Rd6+ Ne6 27. Nxe5+ Kh5 28. Rf5+ Bg5 29. Bxg5 Nxg5 30. Nxf7 1-0

[Event "WJun"]
[Site "Puerto Madryn ARG"]
[Date "2009.10.26"]
[Round "6"]
[White "Tristan,L"]
[Black "Margvelashvili,G"]
[Result "0-1"]
[WhiteElo "2412"]
[BlackElo "2509"]
[EventDate "2009.10.22"]

1. e4 c5 2. Nf3 a6 3. Nc3 d6 4. d4 cxd4 5. Nxd4 Nf6 6. Bg5 e6 7. f4 Qb6 8.
Nb3 Nbd7 9. Qf3 Qc7 10. O-O-O b5 11. Bd3 Bb7 12. a3 Be7 13. Kb1 O-O-O 14.
Bh4 Kb8 15. Qe2 Nc5 16. Bf2 Nfd7 17. Nxc5 dxc5 18. e5 Nb6 19. Be4 g6 20.
Bxb7 Kxb7 21. Ne4 Qc6 22. Qe3 Nc4 23. Qf3 Rd5 24. Ka2 Rhd8 25. Rxd5 exd5
26. Ng5 Bxg5 27. fxg5 Rd7 28. Re1 Nd2 29. Qh3 Ne4 30. Be3 Qe6 31. Qh4 Re7
32. Bf4 Qf5 33. g3 b4 34. Qxh7 Nc3+ 35. Kb3 c4+ 36. Kxb4 Qxc2 37. bxc3 Qb3+
38. Kc5 Rd7 0-1

[Event "WJun"]
[Site "Puerto Madryn ARG"]
[Date "2009.10.26"]
[Round "6"]
[White "Shyam,SM"]
[Black "Lalith,B"]
[Result "0-1"]
[WhiteElo "2403"]
[BlackElo "2477"]
[EventDate "2009.10.22"]

1. e4 c6 2. d4 d5 3. exd5 cxd5 4. c4 Nf6 5. Nc3 e6 6. Nf3 Bb4 7. cxd5 Nxd5
8. Qb3 Nc6 9. Bd3 O-O 10. O-O Be7 11. a3 Bf6 12. Be4 Nxc3 13. bxc3 Qc7 14.
h4 e5 15. Bg5 Bxg5 16. hxg5 exd4 17. cxd4 Bg4 18. Rac1 Qd6 19. Qb1 Nxd4 20.
Bxh7+ Kh8 0-1

[Event "WJun"]
[Site "Puerto Madryn ARG"]
[Date "2009.10.26"]
[Round "6"]
[White "Gundavaa,B"]
[Black "Bajarani,U"]
[Result "1/2-1/2"]
[WhiteElo "2477"]
[BlackElo "2392"]
[EventDate "2009.10.22"]

1. e4 e6 2. d4 d5 3. Nc3 Nf6 4. e5 Nfd7 5. f4 c5 6. Nf3 Nc6 7. Be3 Be7 8.
Qd2 O-O 9. dxc5 Bxc5 10. O-O-O Qa5 11. h4 Bb4 12. a3 Bxc3 13. Qxc3 Qxc3 14.
bxc3 Nb6 15. Nd4 Na5 16. Nb5 Bd7 17. Bxb6 axb6 18. Nd6 Bc6 19. Kb2 f6 20.
exf6 Rxf6 21. g3 h6 22. h5 Rd8 23. Ne4 Rff8 24. Nd2 d4 25. Rh2 dxc3+ 26.
Kxc3 Ba4 27. Rc1 Rf5 28. Kb2 Rfd5 29. Nf3 Rc5 30. Bd3 Bb5 31. Ne5 Nc6 32.
Nxc6 bxc6 33. Bg6 Bc4 34. Re1 Rb5+ 35. Kc3 Rc5 36. Kb2 Rb5+ 37. Kc1 Kf8 38.
Rd2 Rxd2 39. Kxd2 Ke7 40. a4 Ra5 41. Rb1 b5 42. axb5 cxb5 43. Bd3 Bxd3 44.
Kxd3 Kf6 45. c3 Kf5 46. Re1 Kg4 47. Rxe6 Kxg3 48. Rg6+ Kxf4 49. Rxg7
1/2-1/2

[Event "WJun"]
[Site "Puerto Madryn ARG"]
[Date "2009.10.26"]
[Round "6"]
[White "Ibarra Chami,L"]
[Black "Karthikeyan,P1"]
[Result "1-0"]
[WhiteElo "2393"]
[BlackElo "2449"]
[EventDate "2009.10.22"]

1. e4 e5 2. Nf3 Nc6 3. Bb5 a6 4. Ba4 Nf6 5. O-O b5 6. Bb3 Bc5 7. c3 d6 8.
a4 Rb8 9. d4 Bb6 10. axb5 axb5 11. Na3 O-O 12. Nxb5 Bg4 13. Be3 exd4 14.
cxd4 Nxe4 15. Qc2 Qe8 16. Ba4 Bd7 17. Nc3 Nxc3 18. bxc3 Ne7 19. c4 Ra8 20.
Bxd7 Qxd7 21. c5 Ba5 22. Ra4 Ra7 23. Rfa1 Rfa8 24. Bd2 Bb6 25. Rxa7 Bxa7
26. Qe4 d5 27. Ne5 Qe6 28. Qf3 f6 29. Nd3 c6 30. Qf4 Nc8 31. Qe3 Qd7 32.
Qh3 Qe8 33. Bf4 g5 34. Bc7 Kg7 35. Qf5 Qf7 36. Bd6 Nxd6 37. cxd6 Qb7 38.
Re1 Bxd4 39. h4 Ra1 40. Rxa1 Bxa1 41. d7 Qb1+ 42. Kh2 Be5+ 43. g3 Bc7 44.
hxg5 Qa1 45. Nf4 Qe5 46. gxf6+ 1-0

[Event "WJun"]
[Site "Puerto Madryn ARG"]
[Date "2009.10.26"]
[Round "6"]
[White "Maenhout,T"]
[Black "Perez Ponsa,F"]
[Result "1/2-1/2"]
[WhiteElo "2303"]
[BlackElo "2422"]
[EventDate "2009.10.22"]

1. e4 c5 2. Nf3 d6 3. d4 cxd4 4. Nxd4 Nf6 5. Nc3 a6 6. h3 e6 7. g4 d5 8.
exd5 Nxd5 9. Nde2 Bb4 10. Bg2 O-O 11. O-O Nxc3 12. Nxc3 Qc7 13. Qd4 Bd6 14.
Be3 Nd7 15. Rad1 Bc5 16. Qc4 Bb6 17. Qxc7 Bxc7 18. Ne4 Nb6 19. Bc5 Re8 20.
Nd6 Bxd6 21. Rxd6 Nd5 22. Rd1 b5 23. b3 Bb7 24. c4 bxc4 25. bxc4 Rac8 26.
cxd5 Rxc5 27. dxe6 Bxg2 28. Kxg2 fxe6 29. Rxa6 Rc2 30. Rd7 Rf8 31. Raa7
Rcxf2+ 32. Kg3 R8f3+ 33. Kh4 Rh2 34. Rxg7+ Kf8 35. Kg5 Rxa2 36. Rxh7 Rxh3
37. Rhf7+ Kg8 38. Rae7 e5 39. Rf6 Ra8 40. Kg6 Kh8 41. g5 Rg8+ 42. Kf5 Rh5
43. Rg6 Rf8+ 44. Kxe5 Rh1 45. Ree6 Kh7 46. Rgf6 Rxf6 47. gxf6 Kg6 1/2-1/2

[Event "WJun"]
[Site "Puerto Madryn ARG"]
[Date "2009.10.26"]
[Round "6"]
[White "Houriez,C"]
[Black "Chirila,I"]
[Result "1/2-1/2"]
[WhiteElo "2304"]
[BlackElo "2504"]
[EventDate "2009.10.22"]

1. d4 Nf6 2. c4 c5 3. d5 e6 4. Nc3 exd5 5. cxd5 d6 6. Nf3 g6 7. Bf4 Bg7 8.
Qa4+ Bd7 9. Qb3 Qc7 10. e4 O-O 11. Nd2 Nh5 12. Be3 a6 13. a4 f5 14. exf5
gxf5 15. Be2 Be8 16. Nf3 h6 17. O-O Nd7 18. a5 Rb8 19. Qc2 Qd8 20. Rfe1 Qf6
21. Bd3 Bg6 22. Na4 Rbc8 23. Qc4 Kh7 24. Bd2 Ne5 25. Nxe5 dxe5 26. Nb6 Rcd8
27. Bf1 e4 28. Bc3 Qd6 29. Bxg7 Kxg7 30. Rac1 Nf6 31. Qxc5 Nxd5 32. Red1
Qxc5 33. Rxc5 Nxb6 34. Rxd8 Rxd8 35. axb6 1/2-1/2

[Event "WJun"]
[Site "Puerto Madryn ARG"]
[Date "2009.10.26"]
[Round "6"]
[White "Can,E"]
[Black "Schiendorfer,E"]
[Result "0-1"]
[WhiteElo "2455"]
[BlackElo "2311"]
[EventDate "2009.10.22"]

1. e4 c5 2. Nf3 d6 3. c3 Nf6 4. Be2 Nc6 5. d4 e6 6. Nbd2 Be7 7. O-O O-O 8.
Bd3 a6 9. Qe2 e5 10. d5 Nb8 11. a4 Nh5 12. Nc4 g6 13. b4 cxb4 14. cxb4 Nd7
15. Bh6 Ng7 16. Rfc1 f5 17. a5 Rf7 18. Ra3 fxe4 19. Bxe4 Nf6 20. Nb6 Rb8
21. Ng5 Rf8 22. Bxg7 Nxe4 23. Nxe4 Kxg7 24. Rac3 Bf5 25. Rc7 Rf7 26. R1c4
Qe8 27. h4 Rd8 28. h5 Rb8 29. hxg6 hxg6 30. Qe3 Qh8 31. Ng5 Qh5 32. Nf3 Rh8
33. Kf1 Qh1+ 34. Ke2 Qxg2 35. Nxe5 Rh1 36. Nxf7 Qf1+ 37. Kd2 Qd1+ 38. Kc3
Qa1+ 39. Kd2 Qd1+ 40. Kc3 Qa1+ 41. Kd2 Rd1+ 42. Ke2 Re1+ 43. Kf3 Rxe3+ 44.
Kxe3 Qe1+ 45. Kf3 Kxf7 46. Rxb7 Kf6 47. Nd7+ Kg5 48. Rbc7 Qh1+ 49. Kg3 Qh3+
0-1

[Event "WJun"]
[Site "Puerto Madryn ARG"]
[Date "2009.10.26"]
[Round "6"]
[White "Bomans,A"]
[Black "Ashwin,J"]
[Result "0-1"]
[WhiteElo "2085"]
[BlackElo "2451"]
[EventDate "2009.10.22"]

1. d4 Nf6 2. c4 g6 3. Nc3 Bg7 4. e4 d6 5. Be2 O-O 6. Bg5 Na6 7. Qd2 Qe8 8.
f3 e5 9. d5 Nh5 10. Bd1 f5 11. Nge2 Nf4 12. Nxf4 exf4 13. O-O Qe5 14. Bxf4
Qd4+ 15. Be3 Qxd2 16. Bxd2 fxe4 17. Be3 exf3 18. Rxf3 Bf5 19. Bf2 Nc5 20.
Be2 Ne4 21. Nxe4 Bxe4 22. Re3 0-1

[Event "WJun"]
[Site "Puerto Madryn ARG"]
[Date "2009.10.26"]
[Round "6"]
[White "Hugaert,A"]
[Black "Zaslavsky,M"]
[Result "0-1"]
[WhiteElo "2066"]
[BlackElo "2392"]
[EventDate "2009.10.22"]

1. e4 c5 2. Nf3 Nc6 3. d4 cxd4 4. Nxd4 Qb6 5. Nb3 Nf6 6. Nc3 e6 7. Be3 Qc7
8. Be2 a6 9. O-O b5 10. a3 Be7 11. Qd2 O-O 12. Rad1 b4 13. axb4 Bxb4 14. f3
d5 15. exd5 Nxd5 16. Kh1 Qe5 17. Bc5 Bxc5 18. Nxd5 Ba7 19. f4 Qb8 20. Ne3
Bb7 21. f5 Rd8 22. Qc3 Rxd1 23. Nxd1 exf5 24. Rxf5 Ne7 25. Rg5 Ng6 26. Na5
Qe8 27. Bc4 Rd8 28. Bd3 Rxd3 29. cxd3 Qe2 30. h4 Qxd1+ 31. Kh2 Qg1+ 32. Kh3
Qh1+ 0-1

[Event "WJun"]
[Site "Puerto Madryn ARG"]
[Date "2009.10.26"]
[Round "6"]
[White "Ocampos,I"]
[Black "Meza,Hu"]
[Result "0-1"]
[WhiteElo "2047"]
[BlackElo "2276"]
[EventDate "2009.10.22"]

1. e4 c5 2. Nf3 g6 3. d4 Bg7 4. c3 cxd4 5. cxd4 d5 6. e5 Nc6 7. Nc3 Bg4 8.
Be2 Nh6 9. h3 Bxf3 10. Bxf3 Nf5 11. Be3 e6 12. O-O O-O 13. Bg4 Nxe3 14.
fxe3 Qg5 15. Qe2 h5 16. Bf3 Rac8 17. Nb5 a6 18. Nd6 Rc7 19. Rad1 Nxe5 20.
dxe5 Bxe5 21. e4 Bxd6 22. exd5 Qg3 23. Qe4 Bc5+ 24. Kh1 Bd6 25. Kg1 Bc5+
26. Kh1 Bd6 27. Kg1 Qh2+ 28. Kf2 Re7 29. Qd4 exd5 30. Bxd5 Rfe8 31. Bc4
Bg3+ 32. Kf3 Bb8 33. Qh4 Re3+ 34. Kf2 Bg3+ 35. Qxg3 Rxg3 36. Bd5 Rge3 37.
Bf3 Rxf3+ 38. Kxf3 Qe5 0-1

[Event "WJun"]
[Site "Puerto Madryn ARG"]
[Date "2009.10.26"]
[Round "6"]
[White "Garnelis,J"]
[Black "Gallego Alcaraz,A"]
[Result "1-0"]
[WhiteElo "2228"]
[BlackElo "2404"]
[EventDate "2009.10.22"]

1. e4 c5 2. Nf3 Nc6 3. d4 cxd4 4. Nxd4 Nf6 5. Nc3 e6 6. g3 Qc7 7. Bg2 Be7
8. O-O O-O 9. Ncb5 Qb8 10. c4 a6 11. Nc3 Nxd4 12. Qxd4 d6 13. Rd1 Bd7 14.
Bg5 Rc8 15. Qd3 Bc6 16. Bf4 Rd8 17. Qe2 Nd7 18. Rd2 b5 19. cxb5 axb5 20. e5
Nxe5 21. Bxe5 Bxg2 22. Kxg2 Qb7+ 23. Kg1 dxe5 24. Rxd8+ Rxd8 25. Nxb5 Bc5
26. a4 e4 27. Rd1 Rxd1+ 28. Qxd1 h6 29. Qd8+ Kh7 30. Qd2 f5 31. b4 Bb6 32.
Nd6 Qc6 33. b5 Qc5 34. a5 Bc7 35. Ne8 Be5 36. b6 Bd4 37. Kg2 Qd5 38. Kf1 e5
39. Nc7 Qc4+ 40. Qe2 Qb3 41. Nb5 Qd5 42. h4 Qc6 43. Kg1 Bc5 44. Kh2 f4 45.
Nc3 e3 46. Qd3+ g6 47. h5 fxg3+ 48. Kxg3 e2 49. Qxg6+ Qxg6+ 50. hxg6+ Kxg6
51. Nxe2 Kf7 52. Nc3 h5 53. Nb5 h4+ 54. Kg2 h3+ 55. Kxh3 1-0

[Event "WJun"]
[Site "Puerto Madryn ARG"]
[Date "2009.10.26"]
[Round "6"]
[White "Macias Murillo,B"]
[Black "Salinas Herrera,P"]
[Result "1/2-1/2"]
[WhiteElo "2363"]
[BlackElo "2129"]
[EventDate "2009.10.22"]

1. d4 d5 2. c4 c6 3. Nf3 Nf6 4. e3 Bg4 5. Nbd2 Nbd7 6. Qb3 Qb6 7. Bd3 e6 8.
O-O Bd6 9. c5 Qxb3 10. axb3 Bc7 11. b4 O-O 12. Nb3 Bxf3 13. gxf3 e5 14.
dxe5 Nxe5 15. Be2 Rfc8 16. f4 Ned7 17. Nd4 a5 18. bxa5 Bxa5 19. Ra4 Nxc5
20. Rxa5 Rxa5 21. b4 Ra2 22. bxc5 Ne4 23. Bg4 Rca8 24. Nb3 R8a4 25. Bf5 Rb4
26. Bxe4 Rxb3 27. Bf5 g6 28. Bc8 f5 29. e4 fxe4 30. Be3 Kf7 31. f5 gxf5 32.
Bxf5 Kf6 33. Bxh7 Ra8 34. h4 Ke5 35. f4+ Kf6 36. Bd4+ Kf7 37. f5 Rg3+ 38.
Kh2 Rd3 39. Be5 Ra2+ 40. Kg1 Rdd2 41. Rb1 Kf8 42. h5 e3 43. Bg6 Rg2+ 44.
Kh1 Rg4 45. Bf6 Rgg2 46. Be5 Rg4 47. Bf6 Rgg2 1/2-1/2

[Event "WJun"]
[Site "Puerto Madryn ARG"]
[Date "2009.10.26"]
[Round "6"]
[White "Morales,Ra"]
[Black "Gomez,Gu"]
[Result "1/2-1/2"]
[WhiteElo "1941"]
[BlackElo "2176"]
[EventDate "2009.10.22"]

1. d4 Nf6 2. c4 e6 3. g3 b6 4. Bg2 c6 5. d5 cxd5 6. cxd5 Bb7 7. Nc3 e5 8.
Nf3 d6 9. O-O Be7 10. e4 O-O 11. Bg5 Nbd7 12. Bxf6 Bxf6 13. Qd2 a6 14. Rfc1
b5 15. b3 Qb6 16. Qe2 Rfc8 17. h4 Rc7 18. a4 Rac8 19. a5 Qa7 20. Na2 Rxc1+
21. Rxc1 Rxc1+ 22. Nxc1 Qc5 23. Qd2 b4 24. Nd3 Qxa5 25. Qxb4 Qxb4 26. Nxb4
Bd8 27. Nd3 Bb6 28. Nd2 Nc5 29. Bf1 Nxd3 30. Bxd3 Kf8 31. b4 Ke7 32. Nc4
Bc7 33. Kf1 Bc8 34. f4 f6 35. f5 Bd7 36. Ke2 Kd8 37. Na5 Bxa5 38. bxa5 Bc8
39. Ke3 Ke7 40. Be2 Kf8 41. g4 Ke7 42. Kf2 h6 43. Kg3 Kf7 44. Kh3 Ke7 45.
g5 fxg5 46. hxg5 hxg5 47. Kg4 Kf6 48. Kh5 Bb7 49. Bd1 Bc8 50. Kg4 g6 51.
Bc2 gxf5+ 52. exf5 Bb7 1/2-1/2

[Event "WJun"]
[Site "Puerto Madryn ARG"]
[Date "2009.10.26"]
[Round "6"]
[White "Catelli,H"]
[Black "Taher,R"]
[Result "0-1"]
[WhiteElo "2200"]
[BlackElo "1946"]
[EventDate "2009.10.22"]

1. c4 Nf6 2. Nc3 e6 3. e4 d5 4. e5 Nfd7 5. d4 dxc4 6. Bxc4 c5 7. Nf3 cxd4
8. Qxd4 Nc6 9. Qf4 Be7 10. Qg3 Kf8 11. O-O h5 12. h4 a6 13. Ne4 Qc7 14. Bf4
Nd4 15. Rac1 Qxc4 16. Rxc4 Ne2+ 17. Kh2 Nxg3 18. fxg3 b5 19. Rc7 Bd8 20.
Rc2 Bb7 21. Nd6 Bd5 22. Rfc1 g6 23. b3 Kg7 24. Kh3 Rf8 25. Ng5 Bb6 26. Nge4
Bd4 27. Rc7 Nxe5 28. Rd1 Bxe4 29. Nxe4 Ng4 30. Rxd4 e5 31. Rdd7 exf4 32.
gxf4 Rae8 33. Ng5 Re3+ 34. Nf3 Re2 35. Kg3 Rxa2 36. Nd4 Kg8 37. f5 Nf6 38.
fxg6 Nxd7 39. Rxd7 fxg6 40. Ne6 Ra3 41. Rg7+ Kh8 42. Rxg6 Rxb3+ 43. Kh2 Re8
0-1

[Event "WJun"]
[Site "Puerto Madryn ARG"]
[Date "2009.10.26"]
[Round "6"]
[White "Decuadro,S"]
[Black "Ramos,Va"]
[Result "0-1"]
[WhiteElo "2034"]
[BlackElo "1915"]
[EventDate "2009.10.22"]

1. e4 e6 2. d4 d5 3. Nc3 Bb4 4. e5 c5 5. a3 Bxc3+ 6. bxc3 Ne7 7. Nf3 Nbc6
8. a4 Qa5 9. Bd2 c4 10. g3 O-O 11. Bh3 Bd7 12. O-O Rae8 13. Nh4 Ng6 14. Qg4
Nxh4 15. Qxh4 f6 16. exf6 Rxf6 17. Rfd1 Ref8 18. f4 Ne7 19. Re1 Nc6 20. Re2
R8f7 21. g4 Ne7 22. g5 Ng6 23. Qf2 Nxf4 24. Bxf4 Rxf4 25. Qg3 Rf3 26. Qb8+
Rf8 27. Qd6 Qxc3 28. Bxe6+ Bxe6 29. Qxe6+ Kh8 30. Ree1 R3f4 31. Qxd5 Rg4+
32. Kh1 Qh3 33. Qf5 Rg1+ 0-1

[Event "WJun"]
[Site "Puerto Madryn ARG"]
[Date "2009.10.26"]
[Round "6"]
[White "Guo Yuthok,S"]
[Black "Soares,E"]
[Result "1/2-1/2"]
[WhiteElo "1966"]
[BlackElo "2065"]
[EventDate "2009.10.22"]

1. e4 e6 2. d4 d5 3. e5 c5 4. c3 Qb6 5. Nf3 Nc6 6. Bd3 cxd4 7. cxd4 Bd7 8.
O-O Nxd4 9. Nxd4 Qxd4 10. Nc3 a6 11. Qe2 Bb4 12. Rb1 Ne7 13. Kh1 Qh4 14. f4
g6 15. Bd2 Nc6 16. Be1 Qe7 17. Qg4 h5 18. Qh3 h4 19. a3 Bxc3 20. Bxc3 d4
21. Bd2 f5 22. exf6 Qxf6 23. b4 Ne7 24. Rfe1 Nf5 25. Kg1 Kf7 26. Re5 g5 27.
Bc4 Kg7 28. Rbe1 gxf4 29. Bxe6 Ne3 30. Bxe3 Qxe5 31. Bf2 Bxe6 32. Qd3 Qf5
33. Bxd4+ Kf7 34. Re4 Rhg8 35. Be5 Rg4 36. h3 Rg3 37. Qd4 Kg8 38. Bxf4 Qd5
39. Bxg3 Qxd4+ 40. Rxd4 hxg3 41. Rd3 Rc8 42. Rxg3+ Kf7 43. Rf3+ Ke7 44. Rd3
b6 45. g4 a5 46. bxa5 bxa5 47. Kf2 a4 48. Rd4 Rc2+ 49. Ke1 Bb3 50. Rd3 Ra2
51. Rf3 Rxa3 52. Kd2 Kd6 53. Rg3 Ra2+ 54. Kc1 Rh2 55. g5 Rc2+ 56. Kb1 Rc8
57. g6 Rb8 58. g7 Bg8+ 59. Ka1 Rb3 60. Rg6+ Kc5 61. Ra6 Ra3+ 62. Kb2 Rb3+
63. Ka1 1/2-1/2

[Event "WJun"]
[Site "Puerto Madryn ARG"]
[Date "2009.10.27"]
[Round "7"]
[White "Grigoryan,Av"]
[Black "Blit,J"]
[Result "1-0"]
[WhiteElo "2515"]
[BlackElo "2350"]
[EventDate "2009.10.22"]

1. c4 Nf6 2. d4 g6 3. g3 Bg7 4. Bg2 O-O 5. Nc3 c5 6. Nf3 cxd4 7. Nxd4 d6 8.
O-O Nbd7 9. b3 Qc7 10. Bb2 Nc5 11. Rc1 a5 12. e4 Bd7 13. Re1 Qb6 14. Ndb5
Rfe8 15. a3 Rac8 16. h3 Bc6 17. Ba1 Nfd7 18. a4 Ne5 19. Bf1 f5 20. Nd5 Bxd5
21. exd5 Ne4 22. Rc2 e6 23. Bg2 exd5 24. Qxd5+ Kf8 25. Rxe4 fxe4 26. Qxd6+
Qxd6 27. Nxd6 e3 28. Nxc8 Rxc8 29. fxe3 Nf3+ 30. Bxf3 Bxa1 31. Rd2 Be5 32.
Kg2 b6 33. Rd5 Rc5 34. Rd8+ Ke7 35. Ra8 Bc7 36. Bd5 Bd6 37. Ra6 Bc7 38. Kf3
Kf6 39. Ra8 Bd6 40. Re8 Bc7 41. e4 h6 42. e5+ Kg7 43. Ke4 1-0

[Event "WJun"]
[Site "Puerto Madryn ARG"]
[Date "2009.10.27"]
[Round "7"]
[White "Taher,R"]
[Black "Stavrianakis,I"]
[Result "1/2-1/2"]
[WhiteElo "1946"]
[BlackElo "2273"]
[EventDate "2009.10.22"]

1. e4 c5 2. Nf3 d6 3. d3 Nc6 4. g3 Nf6 5. Bg2 g6 6. O-O Bg7 7. Re1 O-O 8.
Nbd2 Bd7 9. c3 Rb8 10. a4 Ng4 11. h3 Nge5 12. Nxe5 Nxe5 13. Qe2 a6 14. f4
Nc6 15. Nf3 b5 16. axb5 axb5 17. Be3 Qc7 18. d4 cxd4 19. Nxd4 Na5 20. Bf2
e5 21. Nf3 exf4 22. gxf4 Rfe8 23. Qd3 b4 24. e5 dxe5 25. Rxa5 e4 26. Rc5
Qxc5 27. Qxd7 e3 28. Bg3 bxc3 29. bxc3 Bxc3 30. Re2 Red8 31. Qa4 Rb4 32.
Qa6 Rb1+ 33. Kh2 Rd2 34. Ne5 Rxe2 35. Qxe2 Rb2 36. Qd3 Bxe5 37. fxe5 Rd2
38. Qe4 Qc2 39. Qa8+ Kg7 40. e6 fxe6 41. Be5+ Kf7 42. Qf3+ Ke8 43. Qa8+ Ke7
44. Qa3+ Ke8 45. Qa8+ 1/2-1/2

[Event "WJun"]
[Site "Puerto Madryn ARG"]
[Date "2009.10.27"]
[Round "7"]
[White "Dimuro,M"]
[Black "Ramos,Va"]
[Result "1-0"]
[WhiteElo "2214"]
[BlackElo "1915"]
[EventDate "2009.10.22"]

1. e4 e6 2. d4 d5 3. Nc3 Bb4 4. e5 c5 5. a3 Bxc3+ 6. bxc3 Ne7 7. a4 Qa5 8.
Bd2 c4 9. Nf3 Bd7 10. h4 Nbc6 11. g3 O-O-O 12. Bh3 Rdf8 13. O-O h6 14. h5
g6 15. Qc1 g5 16. Nh2 f6 17. exf6 Rxf6 18. Ng4 Rf5 19. Qd1 Rh7 20. Qe2 Qc7
21. Kg2 Rff7 22. Rfe1 Nf5 23. Qd1 Rh8 24. Ne5 Nxe5 25. Rxe5 Rhf8 26. f3 Rf6
27. Qe2 Qc6 28. Bc1 R8f7 29. Bg4 Qa6 30. a5 b5 31. Qe1 Qb7 32. a6 Qc6 33.
Ba3 Kb8 34. Bc5 Qc7 35. Qc1 Ng7 36. Qa3 Ka8 37. Be7 Rf5 38. Bxf5 Nxf5 39.
Bb4 Bc8 40. Ba5 Qc6 41. Rae1 Ng7 42. g4 Ne8 43. Kg3 Ng7 44. Rf1 Ne8 45. Rf2
Nd6 46. Bb4 Ne8 47. Bf8 1-0

[Event "WJun"]
[Site "Puerto Madryn ARG"]
[Date "2009.10.27"]
[Round "7"]
[White "Lehtimaki,T"]
[Black "Decuadro,S"]
[Result "1-0"]
[WhiteElo "2000"]
[BlackElo "2034"]
[EventDate "2009.10.22"]

1. e4 c5 2. d4 cxd4 3. c3 d5 4. exd5 Qxd5 5. cxd4 Nc6 6. Nf3 e6 7. Nc3 Qd6
8. Bc4 Nf6 9. O-O Be7 10. Be3 O-O 11. Rc1 Nb4 12. Ne5 Nbd5 13. Bg5 a6 14.
Bb3 b5 15. Nxd5 Nxd5 16. Bxe7 Nxe7 17. Rc3 Bb7 18. Bc2 Ng6 19. Qh5 Qd5 20.
Rg3 Rac8 21. Bb1 Rc7 22. Rg4 f5 23. Nxg6 fxg4 24. Qxd5 Bxd5 25. Nxf8 Kxf8
26. Bxh7 Bxa2 27. f3 Bc4 28. Rf2 gxf3 29. Rxf3+ Rf7 30. Kf2 a5 31. Bc2 a4
32. h4 Rxf3+ 33. gxf3 Ke7 34. Ke3 Kf6 35. f4 Bd5 36. Kd2 Ke7 37. Kc3 Bc4
38. Bxa4 Be2 39. Bc2 Bf3 40. Bd3 Kf6 41. Kb4 Bc6 42. Kc5 Be8 43. b4 1-0

[Event "WJun"]
[Site "Puerto Madryn ARG"]
[Date "2009.10.27"]
[Round "7"]
[White "Ashwin,J"]
[Black "Vishnu,P"]
[Result "1-0"]
[WhiteElo "2451"]
[BlackElo "2342"]
[EventDate "2009.10.22"]

1. e4 c5 2. Nf3 d6 3. d4 cxd4 4. Nxd4 Nf6 5. Nc3 a6 6. Qf3 e6 7. g4 Nc6 8.
Nxc6 bxc6 9. g5 Nd7 10. h4 Be7 11. b3 d5 12. Bb2 Rb8 13. O-O-O Qa5 14. Kb1
Nb6 15. h5 Rb7 16. h6 d4 17. hxg7 Rg8 18. g6 1-0

[Event "WJun"]
[Site "Puerto Madryn ARG"]
[Date "2009.10.27"]
[Round "7"]
[White "Chirila,I"]
[Black "Ondrus,M"]
[Result "1-0"]
[WhiteElo "2504"]
[BlackElo "2304"]
[EventDate "2009.10.22"]

1. e4 c5 2. Nf3 d6 3. d4 cxd4 4. Nxd4 Nf6 5. Nc3 a6 6. Bg5 e6 7. f4 Qb6 8.
Nb3 Be7 9. Qf3 Nbd7 10. O-O-O Qc7 11. Bd3 b5 12. g4 b4 13. Ne2 Bb7 14. Kb1
Nc5 15. Ng3 O-O 16. Bxf6 Bxf6 17. g5 Be7 18. h4 Rfe8 19. h5 a5 20. g6 Bf6
21. gxf7+ Kxf7 22. Nxc5 Qxc5 23. Qg4 a4 24. e5 dxe5 25. Rhe1 exf4 26. Qxf4
Qg5 27. Qf2 Kg8 28. h6 Rf8 29. hxg7 Bxg7 30. Qh2 h6 31. Nh5 Rf7 32. Rg1 Qc5
33. Nxg7 Rxg7 34. Rxg7+ Kxg7 35. Rg1+ Kf7 36. Qf4+ Ke8 37. Rg7 Bc6 38. Bg6+
Kd8 39. Qc7+ 1-0